Total quality management (Record no. 183641)

000 -LEADER
fixed length control field 00404nam a2200145Ia 4500
008 - FIXED-LENGTH DATA ELEMENTS--GENERAL INFORMATION
fixed length control field 220217s9999||||xx |||||||||||||| ||und||
020 ## - INTERNATIONAL STANDARD BOOK NUMBER
International Standard Book Number 9788131732274
082 ## - DEWEY DECIMAL CLASSIFICATION NUMBER
Classification number 658.403 8 BES
100 ## - MAIN ENTRY--PERSONAL NAME
Personal name Besterfield, Dale H and others
245 #0 - TITLE STATEMENT
Title Total quality management
250 ## - EDITION STATEMENT
Edition statement 3rd
260 ## - PUBLICATION, DISTRIBUTION, ETC.
Place of publication, distribution, etc. Pearson education of asia
Name of publisher, distributor, etc. New Delhi
Date of publication, distribution, etc. 2012
300 ## - PHYSICAL DESCRIPTION
Extent XXI, 558p.
Other physical details 499
650 ## - SUBJECT ADDED ENTRY--TOPICAL TERM
Topical term or geographic name entry element MANAGEMENT
Holdings
Withdrawn status Lost status Damaged status Not for loan Home library Current library Shelving location Date acquired Full call number Barcode Date last seen Price effective from Koha item type
        Central Library Central Library Book Cart 02/18/2022 658.403 8 BES 18830 02/18/2022 02/18/2022 Books

Powered by Koha